National Security Council for India: Structure and Functions (Record no. 225101)
[ view plain ]
| 000 -LEADER | |
|---|---|
| fixed length control field | 00558nam a22001937a 4500 |
| 005 - DATE AND TIME OF LATEST TRANSACTION | |
| control field | 20221109160601.0 |
| 008 - FIXED-LENGTH DATA ELEMENTS--GENERAL INFORMATION | |
| fixed length control field | 221109b ||||| |||| 00| 0 eng d |
| 040 ## - CATALOGING SOURCE | |
| Transcribing agency | AL |
| 041 ## - LANGUAGE CODE | |
| Language code of text/sound track or separate title | English |
| 082 ## - DEWEY DECIMAL CLASSIFICATION NUMBER | |
| Edition number | 23 |
| Classification number | 327 |
| Item number | KAMN |
| 100 ## - MAIN ENTRY--PERSONAL NAME | |
| Personal name | P M Kamath |
| 100 ## - MAIN ENTRY--PERSONAL NAME | |
| 9 (RLIN) | 61575 |
| 245 ## - TITLE STATEMENT | |
| Title | National Security Council for India: Structure and Functions |
| 260 ## - PUBLICATION, DISTRIBUTION, ETC. | |
| Place of publication, distribution, etc. | Mumbai |
| Name of publisher, distributor, etc. | Rambhau Mhalgi Prabodhini |
| Date of publication, distribution, etc. | 1998 |
| 300 ## - PHYSICAL DESCRIPTION | |
| Extent | 32 p. |
| Other physical details | PB |
| Dimensions | 21x13. cm. |
| 365 ## - TRADE PRICE | |
| Price amount | ₹15.00 |
| Currency code | ₹ |
| Unit of pricing | ₹15.00 |
| 650 ## - SUBJECT ADDED ENTRY--TOPICAL TERM | |
| Topical term or geographic name entry element | Political Science |
| 9 (RLIN) | 61576 |
| 700 ## - ADDED ENTRY--PERSONAL NAME | |
| Personal name | KAMATH (P M) |
| 9 (RLIN) | 61577 |
| 942 ## - ADDED ENTRY ELEMENTS (KOHA) | |
| Source of classification or shelving scheme | Dewey Decimal Classification |
| Koha item type | George Fernandes Collections |
| Withdrawn status | Lost status | Source of classification or shelving scheme | Damaged status | Not for loan | Collection code | Home library | Current library | Date acquired | Total Checkouts | Full call number | Barcode | Date last seen | Price effective from | Koha item type |
|---|---|---|---|---|---|---|---|---|---|---|---|---|---|---|
| Dewey Decimal Classification | Political Science | St Aloysius Library | St Aloysius Library | 03/23/2013 | 327 KAMN | GF00408 | 11/09/2022 | 11/09/2022 | George Fernandes Collections |